000 00721nam a22002177a 4500
003 OSt
005 20260512154720.0
008 260512b |||||||| |||| 00| 0 eng d
040 _aSFUL
_bENG
_cSFUL
041 _aRUS
100 _aGorodetskaya, I. L.
_91239194
245 _aA Brief Explanatory Dictionary of the Russian Language
_cI. L. Gorodetskaya, T. N. Popovtseva, M. N. Sudoplatova, T. A. Fomenko
250 _a 4th ed.
_bstereotype
260 _aMoscow
_bRussian language
_c1985
300 _a245 p.
_bill
700 _aPopovtseva, T. N.
_91239195
700 _aSudoplatova, M. N.
_91239196
700 _aFomenko, T. A.
_91239197
942 _2CC
_cTB
_hP142:4k N5;2
_n0
999 _c1851298
_d1851298